000 00888nam a22002055i 4500
001 178718
003 ES-MaACL
005 20230906220606.0
008 110613s1974 sp d |||| | spa d
080 _a615
100 1 _aCoronas Alonso, Ramón.
_9147163
245 1 0 _aEstudio farmacológico de una serie de derivados bisubstituidos de la cafeinetilendiamina /
_cresumen de la tesis presentada para aspirar al grado de doctor en medicina por Ramón Coronas Alonso.
260 _aBarcelona :
_bUniversidad de Barcelona, Secretariado de Publicaciones, Intercambio Científico y Extensión Universitaria :
_b[Ivern],
_c1974.
300 _a23 p. :
_bil. bl. y n. ;
_c24 cm.
500 _aCub. tomada como port.
504 _aBibliografía: p. 22-23.
650 0 4 _aFarmacología.
_912725
710 2 _aUniversidad de Barcelona.
_97141
852 _aES-MaACL
_jE-15361 (121)
_xOlim P-1374
999 _c178718
_d178718